=LDR 00000nam 2200000 4500 =001 NUTBA000000000001828 =005 20140521101425.0 =006 =007 =008 =020 ##$$a 979-006-317-2 =035 ##$$0010-051400000000293 =040 ##$$a NBPDMAT =082 ##$$a 634.52 =090 ##$$a 634.52$bBuk b =245 ##$$a buku pintar budi daya kakao =260 ##$$a Jakarta $bAgroMedia pustaka $c 2010. =300 ##$$a x, 298 hlm.$bilus. 24 cm. =650 ##$$a Kakao =850 ##$$a NBPNMAT =990 ##$$a 21105289 =990 ##$$a 21400613/BPAP-NTB/20142014 =990 ##$$a 0001/BPAP-NTB/20142014 =990 ##$$a 0001/BPAP-NTB/20142014 =990 ##$$a 0001/BPAP-NTB/20142015 =990 ##$$a 0001/BPAP-NTB/20142015 =990 ##$$a 0001/BPAP-NTB/20142015 =990 ##$$a 0001/BPAP-NTB/2015